| 000 | 00556nam a2200181 a 4500 | ||
|---|---|---|---|
| 005 | 20210223120527.0 | ||
| 008 | 991125s1985 es 000 0 spa u | ||
| 035 | _aUPN01000002876 | ||
| 049 | _aCG | ||
| 050 | 4 |
_aHX51 _bH4.38 |
|
| 100 | 1 |
_aHeller, Agnes, _d1929- _930319 |
|
| 245 | 1 | 0 |
_aAnatomÃa de la izquierda occidental / _cAgnes Heller, Ferenc Feher ; tr. Marco-Aurelio Galmarini. |
| 260 |
_aBarcelona, Esp. : _bPenÃnsula, _c1985. |
||
| 300 | _a265 p. | ||
| 650 | 4 |
_aSOCIALISMO - _xHISTORIA _918141 |
|
| 700 | 1 |
_aFeher, Ferenc, _ecoaut. |
|
| 905 | _aLibro | ||
| 999 |
_c2876 _d2876 |
||